00317nam a2200109Ia 450000500170000000800410001710000180005824500730007626000340014930000110018365000130019420260328101526.0260328s9999||||xx |||||||||||||| ||und|| aFriedman, Avi 0aNarrow Houses :b New directions in efficient Design /cAvi Friedman bPrinceton Architectural Press a240 p. aVIVIENDA